| 000 | 00876nam a2200217Ia 4500 | ||
|---|---|---|---|
| 001 | 17187 | ||
| 003 | GE_BSU | ||
| 008 | 181216s||||||||xx |||||||||||||| ||und|| | ||
| 040 | _cGE_BSU | ||
| 080 | _a355.48(47+57)+ 355.49(47+57)"1941-1945 | ||
| 100 | _aჟიდილოვი, ევ. | ||
| 245 | _aჩვენ ვიცავდით სევასტოპოლს | ||
| 245 | _cმთარგმ. მ. ლებანიძე. რედ. ნ. ლორთქიფანიძე | ||
| 260 | _aთბილისი | ||
| 260 | _bნაკადული | ||
| 260 | _c1964 | ||
| 300 | _a331გვ. ; 20სმ | ||
| 653 | _aსსრ კავშირის დიდი სამამულო ომი; სევასტოპოლის დაცვ | ||
| 653 | _aჩვენ ვიცავდით სევასტოპოლს | ||
| 942 | _cBK | ||
| 999 |
_c50249 _d50249 |
||